[Event "AUT-chT 2324"]
[Site "Austria"]
[Date "2024.03.22"]
[Round "9.4"]
[White "Hess, Max"]
[Black "Haba, Petr"]
[Result "1/2-1/2"]
[WhiteElo "2385"]
[BlackElo "2444"]
[PlyCount "125"]
[EventDate "2023.11.22"]
[EventType "team-tourn"]
[EventRounds "11"]
[EventCountry "AUT"]
[SourceTitle "CB13_2024"]
[SourceDate "2024.03.27"]
[SourceVersion "1"]
[SourceVersionDate "2024.03.27"]
[SourceQuality "1"]
[WhiteTeam "Schach ohne Grenzen"]
[BlackTeam "Mistelbach"]
[WhiteTeamCountry "AUT"]
[BlackTeamCountry "AUT"]

1. Nf3 d5 2. e3 Nf6 3. c4 c6 4. Nc3 a6 5. Qc2 Nbd7 6. cxd5 cxd5 7. d4 e6 8. Bd2 Bd6 9. Bd3 0-0 10. 0-0 b5 11. e4 dxe4 12. Nxe4 Be7 13. Ne5 Bb7 14. Nc6 Qe8 15. Nxe7+ Qxe7 16. Bg5 Rac8 17. Qe2 Bxe4 18. Bxe4 Qd6 19. Bf3 Rc4 20. b3 Rc3 21. Bd2 Rc7 22. a4 b4 23. a5 Rfc8 24. Rfd1 Nd5 25. Bxd5 Qxd5 26. Qxa6 Ra8 27. Qf1 Rxa5 28. Rxa5 Qxa5 29. Ra1 Qd5 30. Bxb4 h6 31. Qd1 Rb7 32. Ra5 Qe4 33. Bc3 Nf6 34. h3 Nd5 35. Rc5 Nf4 36. f3 Qe3+ 37. Kh2 Nd5 38. Rc8+ Kh7 39. Qc2+ f5 40. Rc6 Nxc3 41. Qxc3 Rxb3 42. Qxe3 Rxe3 43. Kg3 g5 44. h4 Kg6 45. d5 Kf6 46. h5 Re5 47. d6 f4+ 48. Kh3 Re1 49. g3 fxg3 50. Rc8 Rd1 51. Rd8 Ke5 52. d7 Kd6 53. Rh8 Kxd7 54. Rxh6 Rg1 55. Rh8 Ke7 56. h6 Kf7 57. h7 Kg7 58. Rg8+ Kxh7 59. Rxg5 Rh1+ 60. Kg2 Rh6 61. Kxg3 Rg6 62. Kf4 Rxg5 63. Kxg5 1/2-1/2

[Event "GER-ch Rapid 49th"]
[Site "Dinkelsbuehl"]
[Date "2023.11.12"]
[Round "7"]
[White "Hess, Max"]
[Black "Fridman, Daniel"]
[Result "1/2-1/2"]
[WhiteElo "2385"]
[BlackElo "2579"]
[PlyCount "87"]
[EventDate "2023.11.11"]
[EventType "swiss (rapid)"]
[EventRounds "9"]
[EventCountry "GER"]
[SourceTitle "CB46_2023"]
[SourceDate "2023.11.15"]
[SourceVersion "1"]
[SourceVersionDate "2023.11.15"]
[SourceQuality "1"]

1. c4 e6 2. g3 d5 3. Bg2 Nf6 4. Nf3 Be7 5. d4 0-0 6. Nc3 Nbd7 7. Qd3 a6 8. b3 b5 9. cxd5 exd5 10. 0-0 c5 11. Ne5 Bb7 12. Nxd7 Qxd7 13. dxc5 Bxc5 14. Bg5 Qe6 15. Bxf6 Qxf6 16. Nxd5 Bxf2+ 17. Kh1 Bxd5 18. Bxd5 Rad8 19. Rad1 Qb6 20. Kg2 Bc5 21. Rxf7 Kh8 22. Rdf1 Rxf7 23. Rxf7 Qd6 24. e4 Rf8 25. Qf3 Rxf7 26. Qxf7 Qf8 27. Qxf8+ Bxf8 28. e5 g6 29. Kf3 Kg7 30. Ke4 a5 31. h3 a4 32. bxa4 bxa4 33. g4 Be7 34. Be6 h5 35. Kd5 hxg4 36. hxg4 a3 37. Kc6 g5 38. Kd7 Kf8 39. Bb3 Bb4 40. Ke6 Be7 41. Bc4 Bb4 42. Kf6 Be7+ 43. Kg6 Bd8 44. Bb3 1/2-1/2

[Event "GER-ch Rapid 49th"]
[Site "Dinkelsbuehl"]
[Date "2023.11.11"]
[Round "2"]
[White "Hess, Max"]
[Black "Muranyi, Karl Jasmin"]
[Result "1-0"]
[WhiteElo "2385"]
[BlackElo "2343"]
[PlyCount "81"]
[EventDate "2023.11.11"]
[EventType "swiss (rapid)"]
[EventRounds "9"]
[EventCountry "GER"]
[SourceTitle "CB46_2023"]
[SourceDate "2023.11.15"]
[SourceVersion "1"]
[SourceVersionDate "2023.11.15"]
[SourceQuality "1"]

1. c4 Nf6 2. Nf3 c6 3. g3 d5 4. Bg2 Bf5 5. Qb3 Qb6 6. d3 e6 7. Be3 Qb4+ 8. Bd2 Qb6 9. Nc3 Nbd7 10. cxd5 exd5 11. Qc2 Be7 12. 0-0 0-0 13. e4 Bg6 14. Nh4 dxe4 15. dxe4 Rfd8 16. Be3 Qa5 17. a3 Ne5 18. Nxg6 hxg6 19. b4 Qa6 20. h3 Nc4 21. Bg5 b5 22. a4 bxa4 23. Rxa4 Qb7 24. b5 Ne5 25. Rb1 Rac8 26. Qa2 Bc5 27. bxc6 Qxc6 28. Nd5 Nd3 29. Be3 Nxd5 30. exd5 Qf6 31. Bxc5 Rxc5 32. Rxa7 Rdc8 33. Ra8 Rxa8 34. Qxa8+ Kh7 35. Qa2 Qc3 36. d6 Rf5 37. Rf1 Qd4 38. Qd2 Qxd6 39. Be4 Rxf2 40. Rxf2 Qxg3+ 41. Rg2 1-0

[Event "Bayern-chI Bank Hofmann 26th"]
[Site "Tegernsee"]
[Date "2023.11.02"]
[Round "6"]
[White "Hess, Max"]
[Black "Kraus, Sebastian"]
[Result "1-0"]
[WhiteElo "2378"]
[BlackElo "1904"]
[PlyCount "61"]
[EventDate "2023.10.28"]
[EventType "swiss"]
[EventRounds "9"]
[EventCountry "GER"]
[SourceTitle "Mega2024 Update 01"]
[Source "Chessbase"]
[SourceDate "2023.11.12"]
[SourceVersion "1"]
[SourceVersionDate "2023.11.12"]
[SourceQuality "1"]

1. c4 e6 2. g3 d5 3. Bg2 Nf6 4. Nf3 dxc4 5. Qa4+ Bd7 6. Qxc4 c5 7. Ne5 Qc8 8. Qd3 Nc6 9. Nxd7 Nxd7 10. b3 Be7 11. Bb2 0-0 12. Nc3 Rd8 13. Rc1 Nf6 14. Qb1 Qd7 15. d3 Rac8 16. 0-0 h5 17. Rfd1 h4 18. e3 hxg3 19. hxg3 b6 20. Ne4 e5 21. Nxf6+ Bxf6 22. a3 Qe6 23. Bc3 Rd6 24. b4 cxb4 25. axb4 b5 26. Be4 Bg5 27. d4 Qh6 28. dxe5 Rxd1+ 29. Rxd1 Bxe3 30. Kg2 Bb6 31. Rd6 1-0

[Event "Bayern-chI Bank Hofmann 26th"]
[Site "Tegernsee"]
[Date "2023.10.29"]
[Round "2"]
[White "Hess, Max"]
[Black "Manukonda, Arun"]
[Result "1-0"]
[WhiteElo "2378"]
[BlackElo "2143"]
[PlyCount "99"]
[EventDate "2023.10.28"]
[EventType "swiss"]
[EventRounds "9"]
[EventCountry "GER"]
[SourceTitle "Mega2024 Update 01"]
[Source "Chessbase"]
[SourceDate "2023.11.12"]
[SourceVersion "1"]
[SourceVersionDate "2023.11.12"]
[SourceQuality "1"]

1. c4 e6 2. g3 d5 3. Bg2 c5 4. cxd5 exd5 5. Nf3 Nf6 6. 0-0 Nc6 7. d4 Be7 8. dxc5 Bxc5 9. a3 Ne4 10. b4 Be7 11. Nfd2 Bf6 12. Ra2 Be6 13. Nxe4 dxe4 14. Rd2 Qe7 15. Bxe4 Bh3 16. Bxc6+ bxc6 17. Qc2 0-0 18. Rfd1 Rac8 19. Nc3 Rfe8 20. Bb2 Rcd8 21. Rxd8 Rxd8 22. Rxd8+ Qxd8 23. Qd1 Qe7 24. Qd3 h5 25. Nd1 Bxb2 26. Nxb2 c5 27. b5 Qe5 28. Nd1 Qa1 29. f3 c4 30. Qd8+ Kh7 31. Kf2 Qxa3 32. Qd5 Be6 33. Qxh5+ Kg8 34. Qe5 Qc1 35. Nc3 Qh6 36. h4 Qd2 37. Ne4 Qd8 38. h5 Qb6+ 39. Kg2 Bd7 40. Nc3 f6 41. Qe7 Qb7 42. g4 Kh7 43. Ne4 Bc8 44. Nxf6+ Kh6 45. Qe3+ g5 46. Qe8 Qg7 47. Qxc8 Qxf6 48. Qc6 Kg7 49. Qxf6+ Kxf6 50. Kf2 1-0

[Event "Munich Laimer op 2nd"]
[Site "Munich"]
[Date "2023.05.30"]
[Round "9"]
[White "Harsh, Suresh"]
[Black "Hess, Max"]
[Result "1/2-1/2"]
[WhiteElo "2298"]
[BlackElo "2384"]
[PlyCount "59"]
[EventDate "2023.05.26"]
[EventType "swiss"]
[EventRounds "9"]
[EventCountry "GER"]
[SourceTitle "CBM 214 Extra"]
[Source "ChessBase"]
[SourceDate "2023.07.31"]
[SourceVersion "1"]
[SourceVersionDate "2023.07.31"]
[SourceQuality "1"]

1. Nf3 d5 2. c4 e6 3. b3 d4 4. e3 Nc6 5. exd4 Nxd4 6. Bb2 Bc5 7. b4 Nxf3+ 8. Qxf3 Bd4 9. Bxd4 Qxd4 10. Qc3 Qxc3 11. Nxc3 Bd7 12. d4 Ne7 13. 0-0-0 0-0-0 14. Be2 Bc6 15. b5 Bxg2 16. Rhg1 Bh3 17. Rxg7 Nf5 18. Rxf7 Nxd4 19. Bd3 Bg4 20. Re1 Nb3+ 21. axb3 Rxd3 22. Re3 Bf5 23. Rxd3 Bxd3 24. Re7 Rf8 25. Kd2 Rd8 26. Kc1 Bf5 27. Na4 b6 28. c5 Rd5 29. Re8+ Rd8 30. Re7 1/2-1/2

[Event "Bundesliga 2223"]
[Site "Germany"]
[Date "2023.03.18"]
[Round "10.5"]
[White "Hess, Max"]
[Black "Bogosavljevic, Boban"]
[Result "1/2-1/2"]
[WhiteElo "2361"]
[BlackElo "2533"]
[PlyCount "55"]
[EventDate "2022.10.21"]
[EventType "team-tourn"]
[EventRounds "15"]
[EventCountry "GER"]
[SourceTitle "CBM 213 Extra"]
[Source "ChessBase"]
[SourceDate "2023.05.31"]
[SourceVersion "1"]
[SourceVersionDate "2023.05.31"]
[SourceQuality "1"]
[WhiteTeam "Berlin SF"]
[BlackTeam "Deggendorf"]
[WhiteTeamCountry "GER"]
[BlackTeamCountry "GER"]

1. c4 e6 2. Nf3 Nf6 3. Nc3 Bb4 4. Qc2 c5 5. a3 Bxc3 6. Qxc3 b6 7. b3 Bb7 8. Bb2 Nc6 9. e3 0-0 10. d4 cxd4 11. Nxd4 Rc8 12. Be2 d5 13. Nxc6 Bxc6 14. Rd1 Qe7 15. Qb4 Rfe8 16. Qxe7 Rxe7 17. f3 Rd7 18. Kf2 dxc4 19. Bxc4 Rxd1 20. Rxd1 Bd5 21. Bxf6 Bxc4 22. bxc4 gxf6 23. Rd7 Rxc4 24. Rxa7 f5 25. a4 Rb4 26. f4 Kg7 27. a5 bxa5 28. Rxa5 1/2-1/2

[Event "AUT-chT 2223"]
[Site "Austria"]
[Date "2022.11.05"]
[Round "3.4"]
[White "Hess, Max"]
[Black "Kilgus, Georg"]
[Result "0-1"]
[WhiteElo "2374"]
[BlackElo "2392"]
[PlyCount "102"]
[EventDate "2022.11.03"]
[EventType "team-tourn"]
[EventRounds "11"]
[EventCountry "AUT"]
[SourceTitle "EXT 2024"]
[Source "ChessBase"]
[SourceDate "2023.10.10"]
[SourceVersion "1"]
[SourceVersionDate "2023.10.10"]
[SourceQuality "1"]
[WhiteTeam "Schach ohne Grenzen"]
[BlackTeam "Grieskirchen"]
[WhiteTeamCountry "AUT"]
[BlackTeamCountry "AUT"]

1. e4 e6 2. d4 d5 3. Nd2 Be7 4. Ngf3 Nf6 5. e5 Nfd7 6. Bd3 c5 7. c3 b6 8. Nf1 Ba6 9. Bxa6 Nxa6 10. Ng3 h5 11. h4 c4 12. Ng5 g6 13. Qf3 Rf8 14. Nxh5 gxh5 15. Nxe6 fxe6 16. Qxh5+ Rf7 17. Rh3 Bf8 18. Rf3 Nxe5 19. dxe5 Qd7 20. Be3 Bg7 21. 0-0-0 Kf8 22. Bh6 Rxf3 23. gxf3 Qf7 24. Qg5 Bxh6 25. Qxh6+ Ke7 26. Rxd5 exd5 27. Qd6+ Ke8 28. Qc6+ Kf8 29. Qxa8+ Kg7 30. b4 cxb3 31. axb3 Nc5 32. Kc2 a5 33. Qd8 Qxf3 34. Qc7+ Qf7 35. Qxb6 Qxf2+ 36. Kb1 Qe1+ 37. Ka2 Qd2+ 38. Ka3 Qc1+ 39. Ka2 Qc2+ 40. Ka3 Qc1+ 41. Ka2 Ne4 42. Qb7+ Kh6 43. Qa6+ Kh5 44. Qe2+ Kxh4 45. Qh2+ Kg4 46. Qe2+ Kg3 47. Qd3+ Kf4 48. Qd4 Kf5 49. Qd3 Kxe5 50. Qd4+ Ke6 51. Qb6+ Kf5 0-1

[Event "AUT-chT 2223"]
[Site "Austria"]
[Date "2022.11.03"]
[Round "1.3"]
[White "Hess, Max"]
[Black "Sebenik, Matej"]
[Result "0-1"]
[WhiteElo "2374"]
[BlackElo "2524"]
[PlyCount "104"]
[EventDate "2022.11.03"]
[EventType "team-tourn"]
[EventRounds "11"]
[EventCountry "AUT"]
[SourceTitle "EXT 2024"]
[Source "ChessBase"]
[SourceDate "2023.10.10"]
[SourceVersion "1"]
[SourceVersionDate "2023.10.10"]
[SourceQuality "1"]
[WhiteTeam "Schach ohne Grenzen"]
[BlackTeam "Raika Feffernitz"]
[WhiteTeamCountry "AUT"]
[BlackTeamCountry "AUT"]

1. d4 d5 2. Nf3 Nf6 3. g3 c6 4. Bg2 Bg4 5. c4 e6 6. 0-0 Nbd7 7. h3 Bf5 8. cxd5 exd5 9. Qb3 Qb6 10. Qe3+ Be7 11. Nh4 Bg6 12. Nc3 Qd8 13. Nxg6 hxg6 14. Qd3 0-0 15. Bf3 Re8 16. Kg2 Nb6 17. h4 Qd7 18. Bg5 Nc4 19. Rab1 Rad8 20. Bxf6 gxf6 21. e3 Bb4 22. a3 Bxc3 23. Qxc3 Kg7 24. Be2 Nd6 25. Bd3 Rh8 26. Rh1 Rde8 27. Qc2 f5 28. Qe2 Ne4 29. Bxe4 fxe4 30. b4 a6 31. Rbc1 Rh5 32. a4 Rf5 33. b5 axb5 34. axb5 Rf3 35. bxc6 bxc6 36. Qa6 Re6 37. Qa8 Ref6 38. Rc2 Qg4 39. Qb8 Qf5 40. Qb2 Kh7 41. Rd2 c5 42. dxc5 d4 43. Qxd4 Rxf2+ 44. Rxf2 Qxf2+ 45. Kh3 Qf5+ 46. Kh2 Qf2+ 47. Kh3 Rf3 48. Qe5 Rxe3 49. Rb1 Qf3 50. Rb8 Qf1+ 51. Kg4 Qd1+ 52. Kh3 Qd7+ 0-1

[Event "Bundesliga 2223"]
[Site "Germany"]
[Date "2022.10.23"]
[Round "2.6"]
[White "Hess, Max"]
[Black "Krasenkow, Michal"]
[Result "0-1"]
[WhiteElo "2361"]
[BlackElo "2550"]
[PlyCount "132"]
[EventDate "2022.10.21"]
[EventType "team-tourn"]
[EventRounds "15"]
[EventCountry "GER"]
[SourceTitle "CBM 211"]
[Source "ChessBase"]
[SourceDate "2022.12.31"]
[SourceVersion "1"]
[SourceVersionDate "2022.12.31"]
[SourceQuality "1"]
[WhiteTeam "Berlin SF"]
[BlackTeam "Deizisau"]
[WhiteTeamCountry "GER"]
[BlackTeamCountry "GER"]

1. d4 d6 2. e4 Nf6 3. Nc3 c6 4. f4 Qa5 5. Bd3 e5 6. Nf3 Nbd7 7. 0-0 Be7 8. Kh1 0-0 9. Qe1 Re8 10. Be3 exd4 11. Bxd4 Nc5 12. Nd5 Qxe1 13. Nxe7+ Rxe7 14. Raxe1 Nfd7 15. Re3 Nxd3 16. cxd3 c5 17. Bc3 d5 18. Be1 d4 19. Re2 b6 20. Nd2 Ba6 21. Nc4 Bxc4 22. dxc4 Rae8 23. e5 f6 24. Bh4 Re6 25. Bg3 fxe5 26. fxe5 Nxe5 27. Rfe1 d3 28. Re4 d2 29. Rd1 Nxc4 30. Rxe6 Rxe6 31. b3 Nd6 32. Rxd2 Ne4 33. Rd8+ Kf7 34. Bb8 Nc3 35. Kg1 a5 36. Rd7+ Kg6 37. Rd2 h5 38. Kf1 Kf5 39. Rc2 Nd5 40. Rd2 Ke4 41. h3 Ne3+ 42. Kg1 Rf6 43. Rd7 g6 44. Rg7 a4 45. Ra7 axb3 46. axb3 Rf1+ 47. Kh2 Rb1 48. Re7+ Kd3 49. Re6 h4 50. g4 hxg3+ 51. Kxg3 Rxb3 52. Rxg6 c4 53. h4 c3 54. Rc6 Nd5 55. h5 c2 56. h6 Rb1 57. Kh2 c1Q 58. Rxc1 Rxc1 59. h7 Rc8 60. Be5 b5 61. h8Q Rxh8+ 62. Bxh8 Nc3 63. Bg7 b4 64. Bf8 b3 65. Ba3 Kc2 66. Kg2 Nb5 0-1

[Event "Tirol Landesliga 2223"]
[Site "Austria"]
[Date "2022.10.02"]
[Round "2.1"]
[White "Hess, Max"]
[Black "Platzgummer, Fabian"]
[Result "1/2-1/2"]
[WhiteElo "2361"]
[BlackElo "2324"]
[PlyCount "64"]
[EventDate "2022.10.01"]
[EventType "team-tourn"]
[EventRounds "9"]
[EventCountry "AUT"]
[SourceTitle "EXT 2024"]
[Source "ChessBase"]
[SourceDate "2023.10.10"]
[SourceVersion "1"]
[SourceVersionDate "2023.10.10"]
[SourceQuality "1"]
[WhiteTeam "Schach ohne Grenzen"]
[BlackTeam "Rochade Rum"]
[WhiteTeamCountry "AUT"]
[BlackTeamCountry "AUT"]

1. e4 c5 2. Nf3 Nc6 3. Bb5 g6 4. Bxc6 dxc6 5. d3 Bg4 6. Nbd2 Bg7 7. h3 Bxf3 8. Nxf3 b6 9. 0-0 Qd7 10. a4 Nf6 11. Be3 0-0 12. a5 Qb7 13. Qc1 Rfd8 14. Bh6 Bh8 15. Re1 Ne8 16. e5 Ng7 17. Bxg7 Bxg7 18. e6 f5 19. h4 Bf6 20. h5 Kg7 21. Ng5 Rd4 22. Nf7 Rh4 23. hxg6 hxg6 24. g3 Rh5 25. Kg2 bxa5 26. c3 Qb3 27. Qe3 Qd5+ 28. f3 Rb8 29. Re2 c4 30. dxc4 Qxc4 31. Rh1 f4 32. gxf4 Rbb5 1/2-1/2

[Event "Bundesliga 2122"]
[Site "Germany"]
[Date "2022.07.10"]
[Round "15.3"]
[White "Hausrath, Daniel"]
[Black "Hess, Max"]
[Result "1/2-1/2"]
[WhiteElo "2480"]
[BlackElo "2392"]
[PlyCount "83"]
[EventDate "2022.03.05"]
[EventType "team-tourn"]
[EventRounds "15"]
[EventCountry "GER"]
[SourceTitle "CBM 209 Extra"]
[Source "ChessBase"]
[SourceDate "2022.09.30"]
[SourceVersion "1"]
[SourceVersionDate "2022.09.30"]
[SourceQuality "1"]
[WhiteTeam "Muelheim Nord"]
[BlackTeam "Berlin SF"]
[WhiteTeamCountry "GER"]
[BlackTeamCountry "GER"]

1. Nf3 d5 2. g3 Nf6 3. Bg2 e6 4. d4 b5 5. a4 b4 6. c4 bxc3 7. Nxc3 Be7 8. Bf4 0-0 9. Nb5 a6 10. Nxc7 Ra7 11. Ne8 Rxe8 12. Bxb8 Qa5+ 13. Nd2 Rb7 14. Bf4 Rxb2 15. 0-0 Qb4 16. Nf3 Ne4 17. Qd3 Rb3 18. Qc2 Bd7 19. Nd2 Rb2 20. Qc7 Nf6 21. Rfb1 Bd8 22. Qa7 Bb6 23. Qxa6 Bxd4 24. h3 Nh5 25. Rxb2 Bxb2 26. Rb1 Nxf4 27. gxf4 Qxd2 28. Qb7 Bxa4 29. Qxb2 Qxf4 30. Qa3 Bc2 31. Rb4 Qd6 32. Qc3 Bg6 33. Bf3 Rb8 34. Rg4 e5 35. Qd2 Bh5 36. Bxd5 Rd8 37. Ra4 Qd7 38. Ra5 h6 39. Qe3 Qf5 40. Be4 Qg5+ 41. Qxg5 hxg5 42. Rxe5 1/2-1/2

[Event "AUT-chT2W 2122"]
[Site "Austria"]
[Date "2022.06.03"]
[Round "6.6"]
[White "Schwarzmeier, Klaus"]
[Black "Hess, Max"]
[Result "0-1"]
[WhiteElo "2176"]
[BlackElo "2415"]
[PlyCount "130"]
[EventDate "2021.10.15"]
[EventType "team-tourn"]
[EventRounds "11"]
[EventCountry "AUT"]
[SourceTitle "EXT 2023"]
[Source "ChessBase"]
[SourceDate "2022.10.05"]
[SourceVersion "1"]
[SourceVersionDate "2022.10.05"]
[SourceQuality "1"]
[WhiteTeam "Ranshofen"]
[BlackTeam "Schach ohne Grenzen"]
[WhiteTeamCountry "AUT"]
[BlackTeamCountry "AUT"]

1. c4 e6 2. Nf3 d5 3. e3 Nf6 4. Nc3 Bd6 5. b3 0-0 6. Bb2 Re8 7. Be2 Nbd7 8. Qc2 a6 9. 0-0 b6 10. cxd5 exd5 11. Nd4 Bb7 12. Nf5 Bf8 13. Rac1 c5 14. d4 g6 15. Ng3 cxd4 16. exd4 Bd6 17. Bf3 Nf8 18. Rfe1 Ne6 19. Qd1 b5 20. Nf1 Qb6 21. Ne3 Rad8 22. g3 Bf8 23. Bg2 Bg7 24. Rc2 Nxd4 25. Na4 bxa4 26. Bxd4 Qd6 27. bxa4 Ne4 28. Rb2 Bxd4 29. Qxd4 Qc5 30. Rd1 Qxd4 31. Rxd4 Nc5 32. Rd1 d4 33. Ng4 Bxg2 34. Nf6+ Kh8 35. Kxg2 Re6 36. Ng4 Kg7 37. h4 h5 38. Nh2 Nxa4 39. Rb7 d3 40. Rb3 Re2 41. Rbxd3 Rxd3 42. Rxd3 Rxa2 43. Rd7 Nc5 44. Rd4 a5 45. Nf3 a4 46. Ng5 a3 47. Rc4 Nd3 48. Ne4 f5 49. Rc7+ Kf8 50. Nf6 Rxf2+ 51. Kg1 a2 52. Nh7+ Ke8 53. Nf6+ Kd8 54. Rd7+ Kc8 55. Rxd3 a1Q+ 56. Kxf2 Qxf6 57. Rf3 Qb2+ 58. Kg1 Kd7 59. Rf2 Qc3 60. Kg2 Ke6 61. Re2+ Kf6 62. Rf2 Qe3 63. Rf1 g5 64. hxg5+ Kxg5 65. Rf3 Qe4 0-1

[Event "Bassano del Grappa Easter op-A 2nd"]
[Site "Bassano del Grappa"]
[Date "2022.04.18"]
[Round "8"]
[White "Hess, Max"]
[Black "Mahitosh, Dey"]
[Result "1/2-1/2"]
[WhiteElo "2379"]
[BlackElo "2233"]
[PlyCount "128"]
[EventDate "2022.04.14"]
[EventType "swiss"]
[EventRounds "9"]
[EventCountry "ITA"]
[SourceTitle "EXT 2024"]
[Source "ChessBase"]
[SourceDate "2023.10.10"]
[SourceVersion "1"]
[SourceVersionDate "2023.10.10"]
[SourceQuality "1"]

1. c4 e6 2. Nf3 d5 3. e3 Nf6 4. Nc3 Be7 5. b3 0-0 6. Bb2 c5 7. cxd5 exd5 8. d4 b6 9. Bd3 Bg4 10. dxc5 bxc5 11. h3 Be6 12. 0-0 Nbd7 13. Rc1 Rb8 14. Bb1 Bd6 15. Qc2 g6 16. Rfd1 Qe7 17. Qe2 Ne5 18. Nb5 Nxf3+ 19. Qxf3 Rxb5 20. Bxf6 Qc7 21. e4 dxe4 22. Qxe4 Rc8 23. Bd3 Rb6 24. Bc3 Rbb8 25. Bc4 Re8 26. Re1 Qe7 27. Qf3 Qg5 28. Bxe6 Rxe6 29. Rxe6 Qxc1+ 30. Re1 Qf4 31. Qxf4 Bxf4 32. Re7 a6 33. g3 Bd6 34. Ra7 Rb6 35. Ra8+ Bf8 36. Kf1 f5 37. Ke2 Kf7 38. Kd3 Re6 39. Ra7+ Be7 40. Bd2 Rd6+ 41. Kc3 Ke6 42. Be3 Rc6 43. Kc4 h5 44. h4 Bf8 45. Ra8 Be7 46. Bf4 Rb6 47. Bd2 Rc6 48. Be3 Kf7 49. Rb8 Ke6 50. Bf4 Bd6 51. Bxd6 Kxd6 52. Rd8+ Ke5 53. Re8+ Kd6 54. f4 Kc7 55. Re5 Kb6 56. a3 Rc7 57. Re6+ Rc6 58. Re8 Rd6 59. Rb8+ Kc7 60. Rg8 Kb6 61. Re8 Rd4+ 62. Kc3 Rd6 63. Kc4 Rd4+ 64. Kc3 Rd6 1/2-1/2

[Event "Bassano del Grappa Easter op-A 2nd"]
[Site "Bassano del Grappa"]
[Date "2022.04.14"]
[Round "1"]
[White "Kozissnik, Christian"]
[Black "Hess, Max"]
[Result "0-1"]
[WhiteElo "2045"]
[BlackElo "2379"]
[PlyCount "76"]
[EventDate "2022.04.14"]
[EventType "swiss"]
[EventRounds "9"]
[EventCountry "ITA"]
[SourceTitle "EXT 2024"]
[Source "ChessBase"]
[SourceDate "2023.10.10"]
[SourceVersion "1"]
[SourceVersionDate "2023.10.10"]
[SourceQuality "1"]

1. Nf3 d5 2. d4 e6 3. c4 a6 4. Nc3 dxc4 5. a4 Nc6 6. e3 Na5 7. Nd2 c5 8. Nxc4 Nf6 9. dxc5 Qxd1+ 10. Kxd1 Nxc4 11. Bxc4 Bxc5 12. b3 Bd7 13. Ba3 Bxa3 14. Rxa3 Ng4 15. Ke2 Rc8 16. f4 Bc6 17. h3 Nf6 18. Rg1 h5 19. g3 Ke7 20. Raa1 Rhg8 21. h4 Rc7 22. Rac1 Rgc8 23. a5 Bd5 24. Bxd5 exd5 25. Kd3 Ke6 26. Kd4 Kf5 27. Rg2 Kg4 28. Rgc2 Ne4 29. Nxe4 Rxc2 30. Rxc2 Rxc2 31. Kxd5 g6 32. Nc5 Kxg3 33. Nxb7 Kxh4 34. Nc5 Kg3 35. Nxa6 h4 36. Nc5 h3 37. a6 h2 38. a7 Ra2 0-1

[Event "Rosenheim Millennium"]
[Site "Rosenheim"]
[Date "2022.03.29"]
[Round "8"]
[White "Goldbeck, Lars"]
[Black "Hess, Max"]
[Result "0-1"]
[WhiteElo "2267"]
[BlackElo "2392"]
[PlyCount "99"]
[EventDate "2022.03.23"]
[EventType "tourn"]
[EventRounds "9"]
[EventCountry "GER"]
[EventCategory "3"]
[SourceTitle "CBM 207 Extra"]
[Source "ChessBase"]
[SourceDate "2022.05.31"]
[SourceVersion "1"]
[SourceVersionDate "2022.05.31"]
[SourceQuality "1"]

1. d4 d5 2. c4 e6 3. Nc3 Nf6 4. cxd5 exd5 5. Bg5 c6 6. e3 h6 7. Bh4 Be7 8. Bd3 0-0 9. Nf3 Re8 10. Bg3 Bd6 11. Ne5 a6 12. 0-0 c5 13. f4 Nc6 14. Bh4 Be7 15. Bc2 cxd4 16. exd4 Qb6 17. Kh1 Qxb2 18. Na4 Qb4 19. a3 Qd6 20. Bxf6 Bxf6 21. Qd3 Kf8 22. Rae1 Be6 23. Nc5 b6 24. Nxe6+ Rxe6 25. Bd1 Kg8 26. Bh5 Re7 27. Rc1 Nd8 28. Bf3 Raa7 29. Qb3 Rec7 30. Bxd5 Rxc1 31. Rxc1 Rc7 32. Rd1 Re7 33. a4 Rc7 34. Bc4 a5 35. Bd5 Qb4 36. Qf3 Qxa4 37. Bb3 Qb4 38. Qd5 a4 39. Ba2 Qd2 40. Rg1 Qxf4 41. Ng6 Qxd4 42. Re1 Qe3 43. Qd1 Qxe1+ 44. Qxe1 Ne6 45. Bxe6 fxe6 46. Qxe6+ Kh7 47. Nf8+ Kh8 48. g3 a3 49. Nd7 a2 50. Nf8 0-1

[Event "Rosenheim Millennium"]
[Site "Rosenheim"]
[Date "2022.03.26"]
[Round "4"]
[White "Costa, Leonardo"]
[Black "Hess, Max"]
[Result "1-0"]
[WhiteElo "2320"]
[BlackElo "2392"]
[PlyCount "147"]
[EventDate "2022.03.23"]
[EventType "tourn"]
[EventRounds "9"]
[EventCountry "GER"]
[EventCategory "3"]
[SourceTitle "CBM 207 Extra"]
[Source "ChessBase"]
[SourceDate "2022.05.31"]
[SourceVersion "1"]
[SourceVersionDate "2022.05.31"]
[SourceQuality "1"]

1. e4 c5 2. Nf3 e6 3. d4 cxd4 4. Nxd4 Nc6 5. Nc3 Qc7 6. f4 a6 7. Nxc6 bxc6 8. Bd3 d5 9. 0-0 Nf6 10. Qe2 Be7 11. Bd2 Bb7 12. Rae1 0-0 13. e5 Nd7 14. f5 exf5 15. Bxf5 Bc5+ 16. Kh1 Rae8 17. Bf4 Qd8 18. Qg4 Bc8 19. Bh6 g6 20. Bxf8 Nxf8 21. Bxc8 Qxc8 22. Qxc8 Rxc8 23. Na4 Ba7 24. g3 Ne6 25. c3 Ng5 26. Rf4 Ne4 27. Rfxe4 dxe4 28. Rxe4 Re8 29. Rc4 Rxe5 30. Rxc6 Re1+ 31. Kg2 Re2+ 32. Kf3 Rf2+ 33. Ke4 Rxh2 34. Rxa6 Bg1 35. c4 Re2+ 36. Kd3 Re3+ 37. Kd2 Rxg3 38. c5 Rg2+ 39. Kd3 h5 40. c6 Bh2 41. b4 h4 42. b5 h3 43. b6 Rg3+ 44. Kc2 Rg2+ 45. Kb3 Kg7 46. Ra8 Be5 47. c7 h2 48. c8Q h1Q 49. Qf8+ Kf6 50. Qh8+ Qxh8 51. Rxh8 Rg3+ 52. Kb4 Bd6+ 53. Kc4 Ra3 54. Nc3 Be5 55. Nd5+ Kg5 56. Re8 Bd6 57. Nc3 f5 58. b7 Ra7 59. b8Q Bxb8 60. Rxb8 f4 61. a4 Kg4 62. Rf8 g5 63. Kb5 Kf3 64. a5 Rb7+ 65. Kc6 Rb3 66. Nb5 Rb1 67. a6 Ra1 68. a7 g4 69. a8Q Rxa8 70. Rxa8 g3 71. Nd4+ Ke3 72. Kd5 g2 73. Ra3+ Kf2 74. Nf3 1-0

[Event "Rosenheim Millennium"]
[Site "Rosenheim"]
[Date "2022.03.23"]
[Round "1"]
[White "Huber, Benedikt"]
[Black "Hess, Max"]
[Result "1-0"]
[WhiteElo "2190"]
[BlackElo "2392"]
[PlyCount "63"]
[EventDate "2022.03.23"]
[EventType "tourn"]
[EventRounds "9"]
[EventCountry "GER"]
[EventCategory "3"]
[SourceTitle "CBM 207 Extra"]
[Source "ChessBase"]
[SourceDate "2022.05.31"]
[SourceVersion "1"]
[SourceVersionDate "2022.05.31"]
[SourceQuality "1"]

1. d4 g6 2. e4 c6 3. Nc3 d5 4. h3 dxe4 5. Nxe4 Bg7 6. Nf3 Nf6 7. Nxf6+ exf6 8. Bc4 0-0 9. 0-0 a5 10. a4 Na6 11. c3 Nc7 12. Bf4 Nd5 13. Bh2 Be6 14. Nd2 Bh6 15. Bb3 f5 16. Nc4 f4 17. Ne5 Qb6 18. Bxd5 cxd5 19. Nd3 Bf5 20. Nxf4 Bxf4 21. Bxf4 Qxb2 22. Bh6 Rfd8 23. Qf3 Rac8 24. g4 Rxc3 25. Qf4 Rxh3 26. gxf5 Qc3 27. fxg6 hxg6 28. Rac1 Qd3 29. Rc7 Qf3 30. Qxf3 Rxf3 31. Be3 Kg7 32. Rb1 1-0